000 00343nam a2200133 a 4500
005 20140414132051.0
008 110712s19uu xx 00 eng d
050 _aREF 031
_bCHI V.6
245 _aChildcraft: The green kingdom.
260 _aChicago :
_bWorld Book, Inc.,
_c1987.
440 _aChildcraft
650 _aPlants
999 _c114170
_d114170